| 000 | 00727nam a22002417a 4500 | ||
|---|---|---|---|
| 999 |
_c385351 _d385351 |
||
| 001 | 99237 | ||
| 003 | UA-OsUOA | ||
| 005 | 20230504161331.0 | ||
| 007 | ta | ||
| 008 | 20130425b un ||||| |||| 00| 0 ukr d | ||
| 020 | _a9789663649559 | ||
| 040 |
_aUA-OsUOA _bukr _cUA-OsUOA _dUA-OsUOA |
||
| 041 | _aukr | ||
| 080 | _a2(075.8) | ||
| 090 | _a2(075.8) | ||
| 245 |
_aРелігієзнавство _bнавчальний посібник _cза ред. Мозгового Л. І., Бучми О. В. |
||
| 260 |
_aК. _bЦУЛ _c2009 |
||
| 300 | _a264 с. | ||
| 650 | 7 |
_a2 Релігія. Теологія. _2UDC |
|
| 942 |
_cBK _2udc |
||
| 955 | _a2 | ||